000 00491nam a2200181Ia 4500
001 9001
005 20260306160651.0
008 260306t2006||||xx |||||||||||||| ||spa||
041 _aESP
082 _a372.21
_bP43
100 _aPeralta E., María Victoria
_eAUT
245 0 _aInnovaciones curriculares en la educación infantil:
_bavanzando a propuestas posmodernas
260 _c2006
300 _a256 páginas :
_c27 cm.
650 _aGEN
654 _aCED
942 _cLIB
_dJUS
_fJUS
_2ddc
_n
999 _c9001
_d9001